VPLYV FLUORIDU SODNÉHO NA TELESNÝ RAST KAČÍC

Bibliographic Details
Main Author: Paulov, Štefan, 1931- (Author)
Format: Article
Language:Slovak

MARC

LEADER 00000nab a2200000uu 4500
001 vtls011442328
003 SK-MaSNL
005 20260303123323.0
008 230213|1971 xo |||||||||||||||||slo|
015 |a SNBRB 
035 |a (urnnbn)urn:nbn:sk:snk:ar-003247 
035 |a (uuid)c435e2f2-01b1-4595-a33c-1d59252ebc3d 
035 |a urn:nbn:sk:snk-abcgdb 
040 |a SNKBUCL  |b slo  |c SNKBUCL  |e AACR2 
041 0 |a slo 
044 |a xo  |c SK 
100 1 |a Paulov, Štefan,  |d 1931-  |4 aut  |9 37733 
245 1 0 |a VPLYV FLUORIDU SODNÉHO NA TELESNÝ RAST KAČÍC  |c Štefan Paulov 
773 0 |t Biológia : časopis Slovenskej akadémie vied  |g Roč. 26, č. 8 (1971), s. 635-637 
954 |a odborná, vedecká literatúra pôvodná (slovenská)  |2 lita 
958 |a OND 
958 |a EUIPO 
958 |a article16 
999 |c 1925180  |d 1927110